Miscelaneas políticas / (Record no. 122300)

MARC details
000 -LEADER
campo de control de longitud fija 00810nam a2200229 i 4500
001 - NÚMERO DE CONTROL
campo de control 122300
003 - IDENTIFICADOR DE NÚMERO DE CONTROL
campo de control ES-MaACL
005 - FECHA Y HORA DE LA ÚLTIMA TRANSACCIÓN
campo de control 20250809063516.0
007 - CAMPO FIJO DE DESCRIPCIÓN FÍSICA--INFORMACIÓN GENERAL
campo de control de longitud fija t|
008 - DATOS DE LONGITUD FIJA--INFORMACIÓN GENERAL
campo de control de longitud fija 070523s1871 sp ||||1| spa d
080 ## - NÚMERO DE LA CLASIFICACIÓN DECIMAL UNIVERSAL
Número de la Clasificación Decimal Universal 32
100 1# - ENTRADA PRINCIPAL--NOMBRE DE PERSONA
Nombre de persona Chateaubriand, François-René,
Títulos y otros términos asociados al nombre vicomte de,
Fechas asociadas al nombre 1768-1848
9 (RLIN) 38177
245 10 - MENCIÓN DEL TÍTULO
Título Miscelaneas políticas /
Mención de responsabilidad, etc. por F. A. de Chateaubriand ; traducción de Francisco Madina-Veytia.
260 ## - PUBLICACIÓN, DISTRIBUCIÓN, ETC.
Lugar de publicación, distribución, etc. Madrid :
Nombre del editor, distribuidor, etc. Imprenta de Gaspar y Roig, editores,
Fecha de publicación, distribución, etc. 1871.
300 ## - DESCRIPCIÓN FÍSICA
Extensión 216 p. :
Otras características físicas il. ;
Dimensiones 18 cm.
490 1# - MENCIÓN DE SERIE
Mención de serie Biblioteca ilustrada de Gaspar y Roig
650 #7 - PUNTO DE ACCESO ADICIONAL DE MATERIA--TÉRMINO DE MATERIA
Término de materia o nombre geográfico como elemento de entrada Política
Fuente del encabezamiento o término embne
9 (RLIN) 140345
700 1# - ENTRADA AGREGADA--NOMBRE PERSONAL
Nombre de persona Madina-Veytia, Francisco.
9 (RLIN) 75319
830 0# - PUNTO DE ACCESO ADICIONAL DE SERIE-TÍTULO UNIFORME
Título uniforme Biblioteca ilustrada de Gaspar y Roig
9 (RLIN) 177255
852 ## - LOCALIZACIÓN
Ubicación ES-MaACL
Número de control de estantería G-5397
Sublocalización o colección R.142099
Holdings
Estatus retirado Estado de pérdida Estado de daño No para préstamo Colección Biblioteca de origen Biblioteca actual Ubicación en estantería Fecha de adquisición Fuente de adquisición Total de préstamos Signatura topográfica completa Código de barras Visto por última vez Precio de reemplazo Tipo de ítem Koha
        Libros del s. XIX Biblioteca del Ateneo de Madrid Biblioteca del Ateneo de Madrid Depósito 2 17/01/2008     G-5397 1127443 23/02/2023 23/02/2023 Libro impreso antiguo